আরবী সাহিত্যের ইতিহাস / (Record no. 40109)
[ view plain ]
| 000 -LEADER | |
|---|---|
| fixed length control field | 01582nam a2200277 a 4500 |
| 001 - CONTROL NUMBER | |
| control field | 40109 |
| 003 - CONTROL NUMBER IDENTIFIER | |
| rucl marc code | BD-RjUL |
| 005 - DATE AND TIME OF LATEST TRANSACTION | |
| control field | 20211209053135.0 |
| 008 - FIXED-LENGTH DATA ELEMENTS--GENERAL INFORMATION | |
| fixed length control field | 160423s1985 bg |||| |||| 00| 0 ben d |
| 020 ## - INTERNATIONAL STANDARD BOOK NUMBER | |
| Terms of availability | : Tk. 25.00 |
| 035 ## - SYSTEM CONTROL NUMBER | |
| System control number | (BD-RjUL)40224 |
| 040 ## - CATALOGING SOURCE | |
| Original cataloging agency | BD-RjUL |
| Language of cataloging | ben |
| Transcribing agency | BD-RjUL |
| 041 ## - LANGUAGE CODE | |
| Language code of text/sound track or separate title | ben |
| 082 ## - DEWEY DECIMAL CLASSIFICATION NUMBER | |
| Edition number | 23 |
| Classification number | 892.709 |
| Author mark and year | AZA 1985 |
| 100 ## - MAIN ENTRY--PERSONAL NAME | |
| Personal name | আযহারী, মুকতাদা হাসান |
| 9 (RLIN) | 123506 |
| 245 10 - TITLE STATEMENT | |
| Title | আরবী সাহিত্যের ইতিহাস / |
| Statement of responsibility, etc. | মূল: মুকতাদা হাসান আযহারী ; অনুবাদ : এ. বি. এম. কামালুদ্দিন শামীম, এম. আবদুস সালাম ; সম্পাদনা ও অনুবাদ: মুহাম্মদ মুজীবুর রহমান |
| 260 ## - PUBLICATION, DISTRIBUTION, ETC. (IMPRINT) | |
| Place of publication, distribution, etc. | রাজশাহী : |
| Name of publisher, distributor, etc. | মুহাম্মদী সাহিত্য সংস্থা, |
| Date of publication, distribution, etc. | ১৯৮৫ |
| 300 ## - PHYSICAL DESCRIPTION | |
| Pagination | খন্ড ; |
| Size | ১৮ সেমি. |
| 505 ## - FORMATTED CONTENTS NOTE | |
| Formatted contents note | খন্ড ১ -- |
| 650 ## - SUBJECT ADDED ENTRY--TOPICAL TERM | |
| Topical term or geographic name as entry element | আরবী সাহিত্য |
| General subdivision | ইতিহাস ও সমালোচনা |
| 9 (RLIN) | 123507 |
| Topical term or geographic name as entry element | Arabic Literature |
| General subdivision | History and Criticism |
| 9 (RLIN) | 123508 |
| 700 ## - ADDED ENTRY--PERSONAL NAME | |
| Personal name | শামীম, এ. বি. এম. কামালুদ্দিন, অনুবাদক |
| Personal name | সালাম, এম. আবদুস, যুগ্ম অনুবাদক |
| Personal name | রহমান, মুহাম্মদ মুজীবুর, সম্পাদক ও অনুবাদক |
| 942 ## - ADDED ENTRY ELEMENTS (KOHA) | |
| Source of classification or shelving scheme | Dewey Decimal Classification |
| Koha item type | Books |
| Lost status | Source of classification or shelving scheme | Damaged status | Not for loan | Collection code | Permanent Location | Current Location | Shelving location | Date acquired | Source of acquisition | Cost, normal purchase price | Total Checkouts | Full call number | Date last seen | Copy number | Koha item type | Date checked out |
|---|---|---|---|---|---|---|---|---|---|---|---|---|---|---|---|---|
| Dewey Decimal Classification | Non-fiction | Central Library, University of Rajshahi | Central Library, University of Rajshahi | 13/12/1990 | Department of Arabic, R.U | 20.00 | B 892.709 AZA V-1 1985 | 23/04/2016 | C-2 | Books | ||||||
| Dewey Decimal Classification | Non-fiction | Central Library, University of Rajshahi | Central Library, University of Rajshahi | 29/07/1987 | A. Salam, RU. | 25.00 | 1 | B 892.709 AZA V-1 1985 | 31/07/2018 | C-3 | Books | 24/07/2018 | ||||
| Dewey Decimal Classification | Non-fiction | Central Library, University of Rajshahi | Central Library, University of Rajshahi | 29/07/1987 | Department of islam studies, R.U | 25.00 | 5 | B 892.709 AZA V-1 1985 | 07/11/2024 | C-4 | Books | 02/06/2024 | ||||
| Dewey Decimal Classification | Non-fiction | Central Library, University of Rajshahi | Central Library, University of Rajshahi | 29/07/1987 | A. Salam, RU. | 25.00 | 2 | B 892.709 AZA V-1 1985 | 20/07/2022 | C-5 | Books | 30/06/2022 | ||||
| Dewey Decimal Classification | Non-fiction | Central Library, University of Rajshahi | Central Library, University of Rajshahi | 29/07/1987 | A. Salam, RU. | 25.00 | B 892.709 AZA V-1 1985 | 20/08/2016 | C-6 | Books | ||||||
| Dewey Decimal Classification | Not For Loan | Non-fiction | Central Library, University of Rajshahi | Central Library, University of Rajshahi | Reading Room | 29/07/1987 | Arabic and Islamic Studies Dept. RU. | 25.00 | B 892.709 AZA V-1 1985 | 26/02/2017 | C-1 | Books |